000
00208 a2200109 4500
020
_a
9780439696685
041
_a
eng
100
_a
Audrey Penn
245
_a
A paket fullof kisses
942
_c
BK
952
_7
1
999
_c
19094
_d
19094